OECD business and finance outlook 2015

Saved in:
Bibliographic Details
Format: Book
Language:English
Published: Paris OECD 2015
Subjects:
Tags: Add Tag
No Tags, Be the first to tag this record!

MARC

LEADER 00000nam a2200000 4500
001 0212287
005 20240314123227.6
020 |a 978-92-64-23261-7 
041 0 |a eng 
044 |a FR 
245 1 0 |a OECD business and finance outlook 2015 
264 1 |a Paris  |b OECD  |c 2015 
300 |a 245 s. 
610 2 0 |a podnikanie 
610 2 0 |a financie 
610 2 0 |a bankovníctvo 
610 2 0 |a banky centrálne 
610 2 0 |a miera úroková 
610 2 0 |a politika finančná 
610 2 0 |a financie medzinárodné 
610 2 0 |a dlhopisy podnikové 
610 2 0 |a podnik malý 
610 2 0 |a podnik stredný 
610 2 0 |a financovanie 
610 2 0 |a trh kapitálový 
610 2 0 |a podnik multinacionálny 
610 2 0 |a investície 
610 2 0 |a reformy